000 00581nam a2200241Ia 4500
005 20260320201158.0
008 008 262003s9999 xx 000 0 eng d
037 _aEBOOK
040 _aCRL
040 _beng
040 _cCRL
041 _2eng
041 _aeng
084 _qCRL
100 _aBeer
245 0 _aWriting and Speaking in the Technology Professions: A Practical Guide
260 _bIEEE
260 _c2003
856 _uhttps://ieeexplore.ieee.org/servlet/opac?bknumber=7304005
942 _cEBOOK
999 _c1719417
_d1719417